載入...

Strategic management: strategic formulation and implementation /

書目詳細資料
主要作者: Pearce, John A .
格式: Printed Book
出版: Delhi : AITBS Publishers & Distributors , 2005.
版:3rd ed.;
主題:
LEADER 00542cam a2200157ua 4500
020 |a 81-85386-31-5 
082 1 4 |a 658.4012  |b PEA-S 
100 1 |a Pearce, John A . 
245 1 0 |a Strategic management: strategic formulation and implementation /  
250 |a 3rd ed.; 
260 |a Delhi :   |b AITBS Publishers & Distributors ,   |c 2005. 
300 |a NULL ;  
650 0 |a Strategic management 
942 |c BK 
999 |c 35153  |d 35153 
952 |0 0  |1 0  |4 0  |6 658_401200000000000_PEAS  |7 0  |9 45041  |a KU  |b KU  |d 2015-07-05  |l 5  |o 658.4012 PEA-S  |p MB00137  |r 2020-12-24  |s 2020-03-02  |y BK